[Event "V Copa Marcel Duchamp 2022"]
[Site "Montevideo"]
[Date "2022.02.16"]
[Round "6.30"]
[White "Amaral, Francisco"]
[Black "Nejanky, Maisa"]
[Result "0-1"]
[WhiteElo "1672"]
[BlackElo "1948"]
[Annotator "ChessBase"]
[PlyCount "72"]
[EventDate "2022.02.12"]
[EventCountry "URU"]
[SourceTitle "playchess.com"]
[Source "ChessBase"]
[SourceQuality "1"]
[TimeControl "5400+30"]

1. c4 {[%emt 0:00:02]} e5 {[%emt 0:09:23]} 2. Nc3 {[%emt 0:00:24]} Nf6 {[%emt 0:00:15]} 3. Nf3 {[%emt 0:00:25]} Nc6 {[%emt 0:00:16]} 4. e3 {[%emt 0:05:06]} d5 {[%emt 0:09:25]} 5. cxd5 {[%emt 0:03:16]} Nxd5 {[%emt 0:00:08]} 6. a3 {[%emt 0:00:06]} Be6 {[%emt 0:08:14]} 7. Bb5 {[%emt 0:02:17]} Nxc3 {[%emt 0:07:54]} 8. bxc3 {[%emt 0:00:37]} Bd6 {[%emt 0:06:41]} 9. Qc2 {[%emt 0:03:25]} O-O {[%emt 0:06:06]} 10. d3 {[%emt 0:11:33]} Na5 {[%emt 0:09:44]} 11. c4 {[%emt 0:00:52]} c6 {[%emt 0:04:14]} 12. Ba4 {[%emt 0:00:08]} b5 {[%emt 0:01:27]} 13. Bb3 {[%emt 0:04:21]} e4 {[%emt 0:12:35]} 14. dxe4 {[%emt 0:02:39]} bxc4 {[%emt 0:11:44]} 15. Ba2 {[%emt 0:06:37]} Nb3 {[%emt 0:00:12]} 16. Bxb3 {[%emt 0:00:08]} cxb3 {[%emt 0:00:08]} 17. Qb2 {[%emt 0:00:06]} Qa5+ {[%emt 0:05:56]} 18. Bd2 {[%emt 0:01:18]} Qa6 {[%emt 0:01:02]} 19. Bc3 {[%emt 0:01:23]} f6 {[%emt 0:00:46]} 20. h4 {[%emt 0:01:07]} Rf7 {[%emt 0:03:29]} 21. h5 {[%emt 0:02:40]} h6 {[%emt 0:00:12]} 22. Nd4 {[%emt 0:00:31]} Bc4 {[%emt 0:00:24]} 23. Nf5 {[%emt 0:01:37]} Bf8 {[%emt 0:00:35]} 24. Rh3 {[%emt 0:01:11]} Rd8 {[%emt 0:00:37]} 25. Rg3 {[%emt 0:02:07]} Kh7 {[%emt 0:00:42]} 26. Bb4 {[%emt 0:15:47]} c5 {[%emt 0:00:47]} 27. Bc3 {[%emt 0:00:06]} Qe6 {[%emt 0:00:31]} 28. f3 {[%emt 0:00:30]} Bd3 {[%emt 0:00:30]} 29. Rd1 {[%emt 0:01:46]} c4 {[%emt 0:00:14]} 30. Nd4 {[%emt 0:01:24]} Qd6 {[%emt 0:00:27]} 31. Kf2 {[%emt 0:02:47]} Qxa3 {[%emt 0:00:23]} 32. Ra1 {[%emt 0:04:14]} Qxb2+ {[%emt 0:00:28]} 33. Bxb2 {[%emt 0:00:07]} Bd6 {[%emt 0:00:46]} 34. Rg6 {[%emt 0:00:57]} Be5 {[%emt 0:00:25]} 35. Ra5 {[%emt 0:01:16]} Rc8 {[%emt 0:00:27]} 36. Bc3 {[%emt 0:01:03]} Rb7 {[%emt 0:00:22]} 0-1

[Event "V Copa Marcel Duchamp 2022"]
[Site "Montevideo"]
[Date "2022.02.16"]
[Round "6.31"]
[White "Migens Romero, Juan"]
[Black "Salguero, Rafael"]
[Result "1-0"]
[WhiteElo "2097"]
[BlackElo "1948"]
[Annotator "ChessBase"]
[PlyCount "65"]
[EventDate "2022.02.12"]
[EventCountry "URU"]
[SourceTitle "playchess.com"]
[Source "ChessBase"]
[SourceQuality "1"]
[TimeControl "5400+30"]

1. e4 {[%emt 0:15:07]} c6 {[%emt 0:00:11]} 2. d4 {[%emt 0:00:07]} d5 {[%emt 0:00:08]} 3. e5 {[%emt 0:00:05]} Bf5 {[%emt 0:00:10]} 4. Nf3 {[%emt 0:00:03]} e6 {[%emt 0:00:15]} 5. Be2 {[%emt 0:00:07]} c5 {[%emt 0:00:16]} 6. c3 {[%emt 0:00:34]} Nc6 {[%emt 0:00:09]} 7. O-O {[%emt 0:00:27]} Nge7 {[%emt 0:00:48]} 8. Nh4 {[%emt 0:00:13]} h6 {[%emt 0:01:16]} 9. Nxf5 {[%emt 0:01:43]} Nxf5 {[%emt 0:00:09]} 10. g4 {[%emt 0:03:05]} Nh4 {[%emt 0:02:18]} 11. Be3 {[%emt 0:06:30]} Qb6 {[%emt 0:04:50]} 12. b3 {[%emt 0:07:05]} cxd4 {[%emt 0:00:42]} 13. cxd4 {[%emt 0:02:49]} Rc8 {[%emt 0:00:47]} 14. f4 {[%emt 0:04:41]} g5 {[%emt 0:07:17]} 15. fxg5 {[%emt 0:11:26]} hxg5 {[%emt 0:00:24]} 16. Nc3 {[%emt 0:04:42]} a6 {[%emt 0:04:03]} 17. Na4 {[%emt 0:01:33]} Qa7 {[%emt 0:03:54]} 18. Rc1 {[%emt 0:05:16]} b5 {[%emt 0:00:46]} 19. Nc5 {[%emt 0:00:41]} Ng6 {[%emt 0:12:23]} 20. a3 {[%emt 0:11:43]} Nf4 {[%emt 0:10:00]} 21. b4 {[%emt 0:05:50]} Bxc5 {[%emt 0:06:56]} 22. Rxc5 {[%emt 0:01:09]} Qe7 {[%emt 0:13:04]} 23. a4 {[%emt 0:03:29]} Na7 {[%emt 0:09:25]} 24. Rxc8+ {[%emt 0:03:57]} Nxc8 {[%emt 0:00:03]} 25. axb5 {[%emt 0:02:11]} axb5 {[%emt 0:01:49]} 26. Bxf4 {[%emt 0:01:32]} gxf4 {[%emt 0:00:08]} 27. Qc2 {[%emt 0:01:46]} Nb6 {[%emt 0:00:27]} 28. Qc6+ {[%emt 0:00:29]} Nd7 {[%emt 0:00:15]} 29. Bxb5 {[%emt 0:00:38]} Qxb4 {[%emt 0:00:33]} 30. Qxd7+ {[%emt 0:01:05]} Kf8 {[%emt 0:00:05]} 31. Qd6+ {[%emt 0:00:10]} Qxd6 {[%emt 0:00:08]} 32. exd6 {[%emt 0:00:07]} Rh3 {[%emt 0:00:43]} 33. Rc1 {[%emt 0:00:37]} 1-0

[Event "V Copa Marcel Duchamp 2022"]
[Site "Montevideo"]
[Date "2022.02.16"]
[Round "6.32"]
[White "Balseca Moreno, Diego"]
[Black "Durante, Aurelio"]
[Result "0-1"]
[WhiteElo "2269"]
[BlackElo "1944"]
[Annotator "ChessBase"]
[PlyCount "32"]
[EventDate "2022.02.12"]
[EventCountry "URU"]
[SourceTitle "playchess.com"]
[Source "ChessBase"]
[SourceQuality "1"]
[TimeControl "5400+30"]

1. e4 {[%emt 0:00:03]} c5 {[%emt 0:06:08]} 2. Nf3 {[%emt 0:04:52]} Nc6 {[%emt 0:00:04]} 3. d4 {[%emt 0:00:04]} cxd4 {[%emt 0:00:08]} 4. Nxd4 {[%emt 0:00:03]} e5 {[%emt 0:00:09]} 5. Nb5 {[%emt 0:00:05]} a6 {[%emt 0:00:19]} 6. Nd6+ {[%emt 0:00:05]} Bxd6 {[%emt 0:00:07]} 7. Qxd6 {[%emt 0:00:04]} Qf6 {[%emt 0:00:12]} 8. Qa3 {[%emt 0:00:30]} Nge7 {[%emt 0:00:47]} 9. Nc3 {[%emt 0:00:12]} O-O {[%emt 0:01:10]} 10. Be3 {[%emt 0:00:10]} Rb8 {[%emt 0:00:49]} 11. O-O-O {[%emt 0:01:53]} b5 {[%emt 0:05:31]} 12. Qd6 {[%emt 0:01:17]} Qxd6 {[%emt 0:07:12]} 13. Rxd6 {[%emt 0:00:11]} f5 {[%emt 0:01:27]} 14. f3 {[%emt 0:03:31]} Rf6 {[%emt 0:02:21]} 15. Bc5 {[%emt 0:06:54]} Kf7 {[%emt 0:00:47]} 16. Nd5 {[%emt 0:06:50]} Re6 {[%emt 0:00:30]} 0-1

[Event "V Copa Marcel Duchamp 2022"]
[Site "Montevideo"]
[Date "2022.02.16"]
[Round "6.33"]
[White "Dabraccio, Guillermo"]
[Black "Palacio, Enzo"]
[Result "0-1"]
[WhiteElo "1591"]
[BlackElo "1896"]
[Annotator "NA RC"]
[PlyCount "106"]
[EventDate "2022.02.12"]
[EventCountry "URU"]
[SourceTitle "playchess.com"]
[Source "ChessBase"]
[SourceQuality "1"]
[TimeControl "5400+30"]

{[%evp 10,102,0,-2,32767,-3,0,-13,0,3,32767,0,29,28,41,26,34,20,38,8,54,-14,0,0,-2,0,0,0,23,32767,32767,32767,14,22,17,18,20,1,18,1,32767,0,32767,32767,0,0,0,32767,32767,32767,32767,-81,32767,-162,-157,-154,-160,32767,-141,32767,32767,32767,32767,32767,32767,32767,32767,32767,32767,32767,32767,32767,-168,-164,32767,32767,32767,32767,32767,-241,-191,-162,-178,-183,32767,32767,32767,32767,32767,-303,-347,-381,-303,-563,-645]} 1. d4 {[%emt 0:05:28]} Nf6 {[%emt 0:00:02]} 2. Nc3 {[%emt 0:00:30]} d5 {[%emt 0:00:30]} 3. Bg5 {[%emt 0:00:07]} Nbd7 {[%emt 0:02:39]} 4. Qd3 {[%emt 0:01:37]} h6 5. Bh4 e6 {[%emt 0:04:55]} 6. e4 {[%emt 0:01:54]} dxe4 {[%emt 0:00:10]} 7. Nxe4 {[%emt 0:00:42]} Be7 8. Nxf6+ Nxf6 {[%emt 0:00:10]} 9. Be2 {[%emt 0:11:45]} Qd6 {[%emt 0:09:02]} 10. c3 {[%emt 0:10:51]} a6 {[%emt 0:04:20]} 11. Nf3 O-O {[%emt 0:05:21]} 12. Ne5 {[%emt 0:10:08]} c5 $1 {[%emt 0:08:42]} 13. Nc4 {[%emt 0:00:51]} (13. Bg3 $5 {[%cal Re5g6]}) 13... Qc7 $1 {[%emt 0:04:35]} 14. Bg3 {[%emt 0:00:14]} Qd8 {[%emt 0:08:12]} 15. Rd1 {[%emt 0:08:09]} ({Better is} 15. Bf3 $1 $14) 15... b5 {[%emt 0:04:01]} 16. Qf3 {[%emt 0:19:02]} Nd5 {[%emt 0:00:08]} 17. Ne5 {[%emt 0:02:02]} Bb7 {[%emt 0:10:00]} 18. dxc5 {[%emt 0:00:18]} Qc8 {[%emt 0:00:22]} 19. c6 {[%emt 0:00:07]} Bxc6 {[%emt 0:00:06]} 20. Nxc6 {[%emt 0:00:24]} Qxc6 {[%emt 0:06:06]} 21. O-O {[%emt 0:01:21]} Rac8 {[%emt 0:00:28]} 22. Rfe1 {[%emt 0:04:20]} Bf6 {[%emt 0:12:33]} 23. Bf1 {[%emt 0:03:32]} Qb6 {[%emt 0:04:46]} 24. Qe4 g6 25. h4 {[%emt 0:01:13]} h5 {[%emt 0:01:19]} 26. Bd3 {[%emt 0:03:12]} Rfd8 {[%emt 0:02:38]} 27. Be5 {[%emt 0:01:10]} Qc5 {[%emt 0:02:18]} 28. Qf3 {[%emt 0:05:06]} Bxh4 29. g3 {[%emt 0:00:21]} Bg5 {[%emt 0:05:42]} 30. Kg2 {[%emt 0:00:33]} ({Better is} 30. a4 $15) 30... Ra8 {[%emt 0:04:15]} 31. Rh1 $2 {[%emt 0:01:55] [#]} (31. Be4 $11 {and White is okay.}) 31... Ne3+ $1 {[%emt 0:01:00]} 32. fxe3 {[%emt 0:01:19]} Qxe5 {[%emt 0:01:05]} 33. Rhf1 {[%emt 0:02:49]} Rf8 {[%emt 0:02:26]} 34. Be4 {[%emt 0:00:31]} Rab8 {[%emt 0:01:36]} 35. Rfe1 {[%emt 0:03:15]} Rbd8 {[%emt 0:00:53]} 36. Rd4 {[%emt 0:01:15]} Rxd4 {[%emt 0:02:38]} 37. cxd4 {[%emt 0:00:11]} Qc7 {[%emt 0:00:45]} 38. Re2 {[%emt 0:00:56]} Rc8 {[%emt 0:00:56]} 39. Bd3 {[%emt 0:01:12]} Qd6 {[%emt 0:00:27]} 40. Qf2 {[%emt 0:01:06]} Qd5+ {[%emt 0:00:48]} 41. Qf3 {[%emt 0:00:42]} Qxa2 {[%emt 0:00:25]} 42. Rf2 {[%emt 0:00:04]} Qd5 {[%emt 0:00:36]} 43. Be4 {[%emt 0:00:17]} Qd7 {[%emt 0:00:14]} 44. Bb7 {[%emt 0:00:30]} Rb8 {[%emt 0:00:55]} 45. Bc6 {[%emt 0:00:44]} Qe7 {[%emt 0:00:15]} 46. d5 {[%emt 0:00:17]} exd5 {[%emt 0:00:45]} 47. Bxd5 {[%emt 0:00:13]} Rf8 {[%emt 0:00:02]} 48. b4 {[%emt 0:00:16]} Kg7 {[%emt 0:00:21]} 49. Bb7 {[%emt 0:01:03]} (49. Qe4 {keeps fighting.}) 49... Qxb4 {[%emt 0:00:49]} ({Worse is} 49... Bxe3 50. Re2 $17) 50. Bxa6 {[%emt 0:00:18]} Qc5 {[%emt 0:00:35]} 51. e4 $2 {[%emt 0:01:10]} (51. Qe4) 51... Qc6 $19 {[%emt 0:00:24]} 52. Ra2 {[%emt 0:00:34]} Ra8 {[%emt 0:00:27]} 53. e5 Rxa6 0-1

[Event "V Copa Marcel Duchamp 2022"]
[Site "Montevideo"]
[Date "2022.02.16"]
[Round "6.34"]
[White "Avedisian, Alexander"]
[Black "Shih Ferreira, Yin Chieh"]
[Result "1-0"]
[WhiteElo "1875"]
[BlackElo "1463"]
[Annotator "NA"]
[PlyCount "81"]
[EventDate "2022.02.12"]
[EventCountry "URU"]
[SourceTitle "playchess.com"]
[Source "ChessBase"]
[SourceQuality "1"]
[TimeControl "5400+30"]

1. Nf3 Nf6 2. g3 {[%emt 0:00:43]} d5 {[%emt 0:00:48]} 3. Bg2 {[%emt 0:00:12]} e6 {[%emt 0:00:28]} 4. O-O {[%emt 0:00:14]} Be7 {[%emt 0:00:07]} 5. d3 {[%emt 0:00:08]} O-O {[%emt 0:00:11]} 6. Nbd2 {[%emt 0:00:05]} Nbd7 {[%emt 0:00:34]} 7. e4 {[%emt 0:00:11]} c6 {[%emt 0:08:24]} 8. Re1 {[%emt 0:00:32]} h6 {[%emt 0:03:49]} 9. e5 {[%emt 0:00:09]} Nh7 {[%emt 0:00:16]} 10. Nf1 Re8 {[%emt 0:16:45]} 11. h4 {[%emt 0:04:03]} f6 {[%emt 0:00:29]} (11... b5 $14 {is superior.}) 12. exf6 {[%emt 0:00:38]} (12. Ne3 $16) 12... Ndxf6 {[%emt 0:00:06]} 13. N1h2 {[%emt 0:02:22]} Bd6 {[%emt 0:01:07] [#]} 14. Ne5 {[%emt 0:02:31]} ({White should play} 14. d4 $1 $16) 14... Bxe5 {[%emt 0:05:06]} 15. Rxe5 {[%emt 0:00:10]} Nd7 {[%emt 0:00:15]} (15... Nf8 $1 $11) 16. Re1 {[%emt 0:04:50]} Nhf6 {[%emt 0:07:29]} 17. Ng4 {[%emt 0:01:27]} Kh7 {[%emt 0:09:27]} ({Better is} 17... e5 $14) 18. Ne5 {[%emt 0:02:13]} Nxe5 19. Rxe5 $11 {[%emt 0:02:21]} Nd7 {[%emt 0:02:22]} 20. Rh5 {[%emt 0:10:46]} (20. Re3 $16) 20... Nf6 {[%emt 0:10:20]} ({Black should play} 20... e5 $1 $15 21. Qe2 Qe7) 21. Bg5 {[%emt 0:02:47]} Kg8 {[%emt 0:00:40]} (21... e5 $15 22. Qf3 Rf8) 22. Bxf6 {[%emt 0:01:39]} Qxf6 {[%emt 0:00:04]} 23. d4 $1 {[%emt 0:00:59]} e5 $11 {[%emt 0:01:27]} 24. dxe5 {[%emt 0:06:01]} Rxe5 {[%emt 0:00:10]} 25. Rxe5 {[%emt 0:00:38]} Qxe5 {[%emt 0:08:45]} 26. Qe1 Qxb2 27. Qe8+ {[%emt 0:03:21]} Kh7 {[%emt 0:00:39]} 28. Re1 {[%emt 0:00:13]} Qxa2 {[%emt 0:09:22]} 29. c3 {[%emt 0:02:33]} Qa3 {[%emt 0:12:09]} 30. h5 {[%emt 0:00:35]} Bd7 {[%emt 0:02:12]} 31. Qxa8 {[%emt 0:03:11]} Qxc3 {[%emt 0:00:32]} 32. Re7 {[%emt 0:00:23]} Qc1+ {[%emt 0:00:27]} 33. Kh2 {[%emt 0:00:14]} Qg5 {[%emt 0:00:06]} 34. Rxd7 {[%emt 0:00:21]} Qxh5+ {[%emt 0:01:52]} 35. Bh3 {[%emt 0:00:12]} Qf3 {[%emt 0:01:04]} 36. Qxb7 {[%emt 0:01:35]} Qxf2+ {[%emt 0:00:27]} 37. Bg2 {[%emt 0:00:10]} Qf6 {[%emt 0:00:32]} 38. Qxa7 {[%emt 0:00:41]} h5 {[%emt 0:00:26]} 39. Rf7 {[%emt 0:01:01]} Qg6 {[%emt 0:00:09]} 40. Bh3 {[%emt 0:01:14]} Qc2+ {[%emt 0:00:16]} 41. Rf2 {[%emt 0:00:34]} 1-0

[Event "V Copa Marcel Duchamp 2022"]
[Site "Montevideo"]
[Date "2022.02.16"]
[Round "6.35"]
[White "Cardozo, Camila"]
[Black "Quevedo, Andreina"]
[Result "0-1"]
[WhiteElo "1589"]
[BlackElo "1867"]
[Annotator "NA RC"]
[PlyCount "92"]
[EventDate "2022.02.12"]
[EventCountry "URU"]
[SourceTitle "playchess.com"]
[Source "ChessBase"]
[SourceQuality "1"]
[TimeControl "5400+30"]

{[%evp 8,88,25,15,32767,23,27,14,42,15,34,-16,0,32767,6,-14,0,13,37,8,39,10,7,0,25,-16,8,0,4,14,53,18,11,7,17,-12,56,65,75,68,87,32767,32767,0,19,32767,32767,32767,32767,32767,32767,12,95,32767,32767,85,163,32767,32767,32767,32767,32767,32767,32767,32767,32767,32767,32767,32767,32767,32767,32767,32767,32767,32767,-106,32767,32767,32767,32767,32767,-392,-193]} 1. d4 {[%emt 0:01:00]} f5 {[%emt 0:00:32]} 2. Nf3 {[%emt 0:00:30]} Nf6 {[%emt 0:00:15]} 3. Bf4 {[%emt 0:01:33]} g6 {[%emt 0:01:06]} 4. e3 {[%emt 0:01:01]} Bg7 5. Bc4 {[%emt 0:02:18]} e6 {[%emt 0:04:03]} 6. a3 {[%emt 0:05:51]} O-O {[%emt 0:02:24]} 7. Ba2 {[%emt 0:01:07]} Kh8 {[%emt 0:04:05]} (7... d6 $11 {is more appropriate.}) 8. c4 {[%emt 0:01:05]} d6 {[%emt 0:04:36]} 9. h3 {[%emt 0:01:51]} (9. Nc3 $14) 9... Qe7 {[%emt 0:03:51]} 10. Nc3 {[%emt 0:02:25]} b6 {[%emt 0:03:30]} 11. O-O {[%emt 0:05:09]} Bb7 {[%emt 0:01:12]} 12. Rc1 {[%emt 0:07:56]} a6 {[%emt 0:09:24]} (12... Nbd7 $11) 13. b4 {[%emt 0:12:28]} Nbd7 {[%emt 0:03:17]} 14. d5 {[%emt 0:09:30]} e5 {[%emt 0:02:01]} 15. Bh2 {[%emt 0:01:32]} h6 {[%emt 0:10:12]} 16. Na4 {[%emt 0:03:50]} (16. Qe2 $142) 16... c5 {[%emt 0:27:25]} 17. dxc6 {[%emt 0:08:15]} Bxc6 {[%emt 0:00:09]} 18. Nc3 {[%emt 0:01:33]} g5 {[%emt 0:05:03]} ({Black should play} 18... Rfc8 $11) 19. Nd5 {[%emt 0:04:29]} (19. Bb1 $5 {[%cal Rb1f5]}) 19... Nxd5 {[%emt 0:00:09]} 20. cxd5 {[%emt 0:00:06]} Bb5 {[%emt 0:00:11]} 21. Re1 {[%emt 0:01:38]} g4 {[%emt 0:03:03]} (21... Nf6 $11) 22. hxg4 {[%emt 0:05:05]} fxg4 {[%emt 0:00:06]} 23. Nd2 $1 {[%emt 0:01:14]} Nf6 {[%emt 0:04:35]} 24. e4 Qf7 {[%emt 0:02:01]} 25. Nc4 {[%emt 0:07:43] [#]} (25. Bg3 $1 $14) 25... Bxc4 {[%emt 0:02:16]} (25... Nxe4 $1 $15 26. Qc2 (26. Rxe4 Qxf2+) 26... Bxc4 27. Bxc4 {[#]} g3 $1 28. Bxg3 Nxg3 29. fxg3 b5) 26. Bxc4 {[%emt 0:05:42]} b5 {[%emt 0:00:05]} 27. Bd3 {[%emt 0:02:07]} Rac8 {[%emt 0:02:53]} 28. Qd2 {[%emt 0:01:33]} Qd7 {[%emt 0:01:28]} 29. a4 {[%emt 0:05:41]} (29. Qe3 $14) 29... Kh7 {[%emt 0:03:09]} (29... bxa4 $11 30. Rxc8 Rxc8) 30. Qe3 {[%emt 0:00:46]} Qb7 {[%emt 0:00:21]} 31. a5 {[%emt 0:04:59]} Kg6 {[%emt 0:00:22]} ({Black should try} 31... Rxc1 $14 32. Rxc1 Rc8) 32. Qb6 {[%emt 0:01:14]} Qxb6 {[%emt 0:00:47]} 33. axb6 {[%emt 0:00:06]} Rxc1 {[%emt 0:00:33]} 34. Rxc1 {[%emt 0:00:09]} Rb8 {[%emt 0:00:06]} 35. Rc6 {[%emt 0:00:57]} Bf8 {[%emt 0:00:01]} 36. b7 {[%emt 0:02:35]} Rxb7 {[%emt 0:00:25]} 37. Rxa6 {[%emt 0:00:17]} Kf7 {[%emt 0:00:47]} 38. Ra5 {[%emt 0:00:51]} Ke7 {[%emt 0:00:54]} 39. f3 {[%emt 0:00:37]} h5 {[%emt 0:00:59]} 40. Bxb5 {[%emt 0:00:42]} Bh6 {[%emt 0:00:13]} 41. Bc6 {[%emt 0:00:52]} (41. Kf1 $11 {remains equal.}) 41... Be3+ {[%emt 0:00:34]} 42. Kf1 Rxb4 43. Ke2 {[%emt 0:00:46]} Bc5 {[%emt 0:00:38]} 44. Ra2 $19 {[%emt 0:00:26]} (44. Bxe5 $1 $11 Nxe4 45. Bxd6+ Kxd6 46. fxe4 Rxe4+ 47. Kd3 Rd4+ 48. Kc3) 44... Rb3 {[%emt 0:00:29]} (44... h4 $142 45. fxg4 Nxg4 46. Bxe5 Nxe5) 45. fxg4 {[%emt 0:00:51]} hxg4 {[%emt 0:00:18]} 46. Ra8 {[%emt 0:00:34]} g3 {[%emt 0:00:26]} 0-1

[Event "V Copa Marcel Duchamp 2022"]
[Site "Montevideo"]
[Date "2022.02.16"]
[Round "6.36"]
[White "Kulik, Nicolas"]
[Black "Martinez Alvarez, Mateo"]
[Result "0-1"]
[WhiteElo "1775"]
[BlackElo "1093"]
[Annotator "NA RC"]
[PlyCount "57"]
[EventDate "2022.02.12"]
[EventCountry "URU"]
[SourceTitle "playchess.com"]
[Source "ChessBase"]
[SourceQuality "1"]
[TimeControl "5400+30"]

1. e4 {[%emt 0:00:02]} c5 {[%emt 0:01:28]} 2. Nf3 {[%emt 0:00:05]} d6 {[%emt 0:00:22]} 3. d4 {[%emt 0:00:04]} cxd4 {[%emt 0:00:17]} 4. Nxd4 {[%emt 0:00:05]} Nf6 {[%emt 0:00:15]} 5. Nc3 {[%emt 0:00:03]} a6 {[%emt 0:00:12]} 6. Bg5 {[%emt 0:00:07]} e6 {[%emt 0:00:18]} 7. f4 {[%emt 0:00:04]} h6 {[%emt 0:00:39]} 8. Bh4 {[%emt 0:00:40]} Nbd7 {[%emt 0:00:31]} 9. Qf3 {[%emt 0:02:40]} e5 {[%emt 0:01:13]} 10. Bxf6 {[%emt 0:04:32]} Nxf6 {[%emt 0:02:25]} 11. Nde2 {[%emt 0:02:35]} Be7 {[%emt 0:16:12]} 12. f5 {[%emt 0:03:18]} Qa5 {[%emt 0:02:23]} 13. O-O-O {[%emt 0:04:55]} b5 {[%emt 0:00:17]} 14. Kb1 {[%emt 0:00:37]} Bb7 {[%emt 0:01:03]} 15. a3 {[%emt 0:04:33]} Rc8 {[%emt 0:02:36]} 16. Ng3 {[%emt 0:06:24]} O-O 17. Nh5 {[%emt 0:11:23]} Nxh5 {[%emt 0:07:30]} 18. Qxh5 {[%emt 0:00:04]} Rxc3 {[%emt 0:00:30]} 19. bxc3 {[%emt 0:00:02]} Bxe4 {[%emt 0:01:27]} 20. Qg4 {[%emt 0:03:06]} d5 {[%emt 0:00:35]} 21. f6 {[%emt 0:00:42]} Bxf6 {[%emt 0:00:30]} 22. Bd3 {[%emt 0:00:28]} Bxd3 {[%emt 0:02:46]} 23. cxd3 {[%emt 0:01:40]} Qxc3 24. Qb4 Rc8 {[%emt 0:04:02]} 25. Qxc3 {[%emt 0:04:22]} Rxc3 26. Kb2 {[%emt 0:02:48]} e4 {[%emt 0:00:17]} 27. dxe4 {[%emt 0:00:56]} dxe4 {[%emt 0:01:13]} 28. Rd2 {[%emt 0:01:55]} Rd3+ {[%emt 0:00:22]} 29. Kc2 {[%emt 0:00:07]} 0-1

[Event "V Copa Marcel Duchamp 2022"]
[Site "Montevideo"]
[Date "2022.02.17"]
[Round "7.1"]
[White "Coro, Lucas"]
[Black "Delgado Ramirez, Neuris"]
[Result "1/2-1/2"]
[WhiteElo "2355"]
[BlackElo "2615"]
[Annotator "TA"]
[PlyCount "32"]
[EventDate "2022.02.12"]
[EventCountry "URU"]
[SourceTitle "playchess.com"]
[Source "ChessBase"]
[SourceQuality "1"]

{[%evp 17,32,0,21,0,0,0,0,0,40,4,2,0,0,0,0,0,14]} 1. e4 c5 2. Nf3 {[%cal Bg1f3,Bf3d4,Bd4b5][%mdl 32]} Nc6 3. d4 cxd4 4. Nxd4 e5 5. Nb5 d6 6. N1c3 a6 7. Na3 Be6 8. Nd5 Nf6 9. Bg5 Bxd5 10. Bxf6 {B33: Sicilian: Pelikan and Sveshnikov Variations.} Qa5+ ({Don't take} 10... gxf6 11. Qxd5 Qd7 12. Rd1 $14) 11. c3 Be6 12. Bg5 {[#]} Qc7 $146 ({Predecessor:} 12... Be7 13. Bxe7 Kxe7 14. Bc4 g6 15. O-O Rad8 16. Bd5 Bxd5 17. exd5 Nb8 18. f4 Nd7 {0-1 (35) Fernandez,D (2465)-Dardha,D (2516) Novi Sad 2021}) 13. Nc4 b5 {The position is equal.} 14. Ne3 Be7 15. Bxe7 Nxe7 16. g3 O-O {A balanced but interesting game.  Weighted Error Value: White=0.08 (flawless) /Black=0.09 (flawless)} 1/2-1/2

[Event "V Copa Marcel Duchamp 2022"]
[Site "Montevideo"]
[Date "2022.02.17"]
[Round "7.2"]
[White "Lopez Azambuja, Nicolas"]
[Black "Perez Ponsa, Federico"]
[Result "1/2-1/2"]
[WhiteElo "2318"]
[BlackElo "2553"]
[Annotator "TA"]
[PlyCount "67"]
[EventDate "2022.02.12"]
[EventCountry "URU"]
[SourceTitle "playchess.com"]
[Source "ChessBase"]
[SourceQuality "1"]

{[%evp 17,67,37,54,40,41,41,45,38,45,43,45,45,40,41,44,34,63,64,55,27,96,96,103,100,106,106,111,112,142,149,137,82,195,193,192,172,168,148,158,64,83,67,584,77,80,0,0,0,0,0,0,0]} 1. d4 Nf6 2. c4 g6 3. Nc3 Bg7 4. e4 d6 5. Nf3 O-O 6. Be2 e5 7. O-O Nc6 8. d5 Ne7 9. Bg5 h6 10. Be3 {E97: King's Indian: Classical Main Line (6...e5 7 0-0 Nc6): 8 Be3 and 8 d5 Ne7, not 9 Ne1.} Ng4 11. Bd2 f5 12. Nh4 {White is slightly better.} Nf6 13. exf5 g5 {is the legacy move (13...gxf5).} 14. Ng6 Nxg6 15. fxg6 Bf5 {To avoid Bd3} 16. Be3 {[#]} b6 $146 ({Predecessor:} 16... Bxg6 17. c5 b6 18. cxb6 axb6 19. Rc1 Qd7 20. a4 Kh8 21. Bb5 Qc8 22. b3 Rf7 {½-½ (47) Mayer,R (2478)-Haugen,A (2521) ICCF email 2010}) 17. Bd3 e4 18. Bc2 a6 (18... Qe8 $11) 19. Bd4 $16 {White is more active.} Bxg6 20. Qd2 Qd7 21. Rae1 b5 22. Nxe4 Bxe4 23. Bxe4 bxc4 24. Bb1 ({White should try} 24. Bf3) 24... Nh5 (24... Rae8 $16 {was necessary.}) 25. Bxg7 Qxg7 26. Qe2 {[%csl LRc4,LRh5]} Nf4 27. Qxc4 Qf7 {[%cal Of4g2]} 28. Bc2 (28. f3 $16) 28... Nxg2 $1 $14 {[%mdl 64] Decoy} 29. Kxg2 Qf3+ 30. Kg1 {Hoping for Re3.} Rf4 {[#]} 31. Re4 ({White should play} 31. Bd1 $1 $16 {[%cal Rd1f3]} Qxd1 {[#]} 32. Qxf4 $1 Qxe1 33. Qxg5+ $1 (33. Rxe1 gxf4 34. Re7 Rb8 $16) 33... hxg5 34. Rxe1) 31... Qg4+ $11 {The position is equal.} 32. Kh1 Qf3+ 33. Kg1 Qg4+ 34. Kh1 {Weighted Error Value: White=0.16 (very precise) /Black=0.14 (very precise)} 1/2-1/2